000
00318nam a22001457a 4500
008
230512b ||||| |||| 00| 0 eng d
020
_a
9780073341873
041
_a
eng
080
_2
THIRD EDITION
_a
51
082
_a
51BAR
100
_a
20
101
_a
MAT
245
_a
COLLEGE ALGEBRA
_c
BARNETT
942
_2
udc
_c
BK
999
_c
59685
_d
59685